| 000 | 00841cam a22002294a 4500 | ||
|---|---|---|---|
| 005 | 20250605164214.0 | ||
| 008 | 250528s ||||||||||||||||||||||||d | ||
| 035 | _a20407 | ||
| 020 | _a713165820 | ||
| 040 |
_aGR-AtMCL _bgre _dGR-AtMCL _eAACR2 |
||
| 245 | 1 | _aLiterary Critisism / A Practical Guide for Students | |
| 250 | _a1st | ||
| 260 | _c1989 | ||
| 300 | _a120 | ||
| 520 | _aIt opens with an accessible and wide-ranging guide to literary theory, followed by an extensive section of useful practical hints on answering examination questions. Preface, Theory and Practice of Criticism, Analysis of Examples, Question and Answer, Glossary, Sources of Examples, Index. | ||
| 700 | 1 |
_aEdward Arnold _9242 |
|
| 700 | 1 |
_aHicks Malcolm _96387 |
|
| 700 | 1 |
_aHutchings Bill _96388 |
|
| 942 | _cBK | ||
| 999 |
_c5516 _d5516 |
||